Gemeinden von Liezen - Statistiken

Allgemein
  • Dieses Quiz wurde 303 mal gespielt
  • Das Durchschnittsergebnis liegt bei 21 aus 29
Antworten auf der Karte
Die Antworten werden auf der Karte rot bzw. grün angezeigt, abhängig davon wie oft sie richtig erraten wurden.
 
Antwortstatistiken
Einwohner Gemeinde % Korrekt
8.196 Liezen
98%
6.576 Schladming
96%
3.117 Gröbming
89%
4.911 Bad Aussee
88%
1.879 Altaussee
84%
4.940 Bad Mitterndorf
84%
2.792 Ramsau am Dachstein
84%
4.147 Irdning-Donnersbachtal
83%
4.954 Admont
82%
2.458 Haus
79%
5.111 Rottenmann
79%
2.793 Stainach-Pürgg
76%
1.478 Sölk
73%
1.788 St. Gallen
71%
1.544 Selzthal
70%
1.167 Grundlsee
69%
2.710 Aigen im Ennstal
68%
3.329 Trieben
67%
2.010 Öblarn
65%
2.618 Landl
63%
1.712 Lassing
61%
1.319 Aich
60%
1.240 Ardning
60%
1.161 Wörschach
60%
447 Wildalpen
58%
801 Altenmarkt bei St. Gallen
50%
1.912 Mitterberg-St. Martin
50%
1.193 Michaelerberg-Pruggern
49%
1.289 Gaishorn am See
48%
Keine übereinstimmenden Quizze gefunden
Verteilung der Resultate
Anzahl Personen mit jedem Resultat
Perzentil nach korrekt beantworteten Fragen
Ihre Resultats-Entwicklung
Sie haben dieses Quiz noch nicht gespielt